LEADER 00846nam0 2200265 450 001 000022477 005 20090203143223.0 100 $a20090203d1982----km-y0itay50------ba 101 1 $aita$ceng 102 $aIT 105 $ay-------001yy 200 1 $a<>sonnambuli$estoria delle concezioni dell'universo$fArthur Koestler 210 $aMilano$cJaca book$d1982 215 $a540 p.$d23 cm 225 2 $aDi fronte e attraverso$v87 410 0$12001$aDi fronte e attraverso 500 10$a<>Sleepwalkers$m$945594 610 1 $aCosmologia$aStoria 676 $a113$v20$9Cosmologia (Filosofia della natura) 700 1$aKoestler,$bArthur$0134651 801 0$aIT$bUNIPARTHENOPE$c200900203$gRICA$2UNIMARC 912 $a000022477 951 $aS 501/33$bS 1120/L$cDSA$d2009 996 $aSleepwalkers$945594 997 $aUNIPARTHENOPE LEADER 01265nam0 22003011i 450 001 UON00526659 005 20241111112907.34 010 $a978-88-549-1164-2 100 $a20241111d2021 |0itac50 ba 101 $aeng 102 $aIT 105 $a|||| ||||| 200 1 $aTangible religion$emateriality of domestic cult practices from antiquity to early modern era$feditors Ria Berg ... [et al.] 210 $aRoma$cInstitutum Romanum Finlandiae$d2021 215 $a281 p.$cill.$d30 cm 300 $aRelazioni presentate al Convegno tenuto a Roma nel 2014 410 1$1001UON00087467$12001 $aActa Instituti Romani Finlandiae$fherausgeber Heikki Solin$v49 606 $aOGGETTI SACRI$xAntichità$3UONC104190$2FI 620 $aIT$dRoma$3UONL000004 676 $a202.1$cOggetti di culto e venerazione$v22 702 1$aBERG$bRia$3UONV196153 712 $aInstitutum Romanum Finlandiae$3UONV259649$4650 801 $aIT$bSOL$c20241115$gRICA 899 $aSIBA - SISTEMA BIBLIOTECARIO DI ATENEO$2UONSI 912 $aUON00526659 950 $aSIBA - SISTEMA BIBLIOTECARIO DI ATENEO$dSI Q 6 007 049 2021 $eSI 51867 5 2021 996 $aTangible religion$93612263 997 $aUNIOR